Mass media and national development ; the role of information in the developing countries /

Bibliographic Details
Main Author: Schramm, Wilbur, 1907-1987
Format: Book
Language:English
Published: Stanford, Calif. : Stanford University Press, [1964]
Subjects:

MARC

Tag First Indicator Second Indicator Subfields
LEADER 00000cam a2200000 4500
001 in00000056321
005 20151007081854.0
008 720317s1964 eng u
010 |a  64017003  
035 |a (OCoLC)00265504 
035 |9 AAF7036AM 
040 |c AKR  |d TXA  |d UtOrBLW 
049 |a TXAM  |c [402844] 
050 0 |a P91  |b .S3 
092 |a 301.243  |b S377m 
100 1 |a Schramm, Wilbur,  |d 1907-1987. 
245 1 0 |a Mass media and national development ;  |b the role of information in the developing countries /  |c [by] Wilbur Schramm. 
264 1 |a Stanford, Calif. :  |b Stanford University Press,  |c [1964] 
300 |a xiv, 333 pages :  |b illustrations 
336 |a text  |b txt  |2 rdacontent 
337 |a unmediated  |b n  |2 rdamedia 
338 |a volume  |b nc  |2 rdacarrier 
504 |a Bibliography: pages [311]-327. 
650 0 |a Mass media. 
651 0 |a Developing countries. 
999 |a MARS 
999 f f |s 003f7558-1aa0-3346-9e76-2962baf74afe  |i b4ea51b0-7675-3be4-9fdd-fdb46b7aec9b  |t 0 
952 f f |p ric  |a Texas A&M University  |b Rellis Campus  |c Joint Library Facility  |d Remote Storage  |t 0  |e P91 .S3  |h Library of Congress classification  |i unmediated -- volume  |m A14800639864 
998 f f |a P91 .S3  |t 0  |l Remote Storage